| 000 | 00692nam a2200193 u 4500 | ||
|---|---|---|---|
| 001 | 000351368 | ||
| 003 | AM-YeHGA | ||
| 005 | 20250617131346.0 | ||
| 008 | 040714s1984 ||| r 000 0 rus d | ||
| 040 | _aAM-YeHGA | ||
| 041 | 0 | _arus | |
| 100 | 1 |
_aЛермонтов, Михаил Юрьевич. _d1814-1841 |
|
| 245 | 1 | 0 |
_aМцыри / _cМ.Ю. Лермонтов; Худ. Ф. Константинов. |
| 260 |
_aМосква : _bХудожественная литература, _c1984. |
||
| 300 |
_a78 с. : _bил. ; _c10 см. |
||
| 650 | 1 | 4 |
_aРусская литература _xПоззия _y19 век |
| 700 | 1 |
_aКонстантинов, Ф. _eхуд. _4art |
|
| 090 | _c135843 | ||
| 999 |
_c134476 _d134476 |
||